Plan and operation of the Health and Nutrition Examination Survey, United States-1971-1973 ; a description of a national health and nutrition examination survey of a probability sample of the U.S. population 1-74 years of age /
Saved in:
| Main Author: | |
|---|---|
| Corporate Author: | |
| Format: | Book |
| Language: | English |
| Published: |
Rockville, Md. :
U.S. National Center for Health Statistics; [for sale by the Supt. of Docs., U.S. Govt. Print. Off.],
1973-
|
| Series: | Vital and health statistics. Programs and collection procedures ;
no. 10a-10b. DHEW publication ; no. (HSM) 73-1310. |
| Subjects: |
MARC
| LEADER | 00000cam a2200000 4500 | ||
|---|---|---|---|
| 001 | 001937726 | ||
| 005 | 20260604140201.4 | ||
| 008 | 740329m19739999mdua b f000 0 eng | ||
| 010 | |a 72600207 | ||
| 035 | |a (OCoLC)867396 | ||
| 035 | |a (ndu)001937726 | ||
| 040 | |a DLC |c DLC |d IND |d UtOrBLW | ||
| 049 | |a INDU | ||
| 050 | 0 | 0 | |a RA409 |b .U44 no. 10a, etc. |
| 082 | 0 | |a 312/.01/82 s |a 362.1/04/220723 | |
| 090 | |a RA 407.3 |b .A32 Ser.1 no.10 | ||
| 100 | 1 | |a Miller, Henry W. |0 http://id.loc.gov/authorities/names/n50033680 | |
| 245 | 1 | 0 | |a Plan and operation of the Health and Nutrition Examination Survey, United States-1971-1973 ; |b a description of a national health and nutrition examination survey of a probability sample of the U.S. population 1-74 years of age / |c [by Henry W. Miller] |
| 260 | |a Rockville, Md. : |b U.S. National Center for Health Statistics; [for sale by the Supt. of Docs., U.S. Govt. Print. Off.], |c 1973- | ||
| 300 | |a volumes : |b illustrations ; |c 26 cm. | ||
| 336 | |a text |b txt |2 rdacontent |0 http://rdaregistry.info/termList/RDAContentType/1020 | ||
| 337 | |a unmediated |b n |2 rdamedia |0 http://rdaregistry.info/termList/RDAMediaType/1007 | ||
| 338 | |a volume |b nc |2 rdacarrier |0 http://rdaregistry.info/termList/RDACarrierType/1049 | ||
| 340 | |p illustration |2 rdaill |0 http://rdaregistry.info/termList/IllusContent/1014 | ||
| 490 | 1 | |a Vital and health statistics. Series 1: Programs and collections procedures, no. 10a-10b | |
| 490 | 1 | |a DHEW publication no. (HSM) 73-1310 | |
| 504 | |a Includes bibliographies. | ||
| 505 | 1 | |a pt. A. Development, plan, and operation. | |
| 650 | 0 | |a Health surveys. |0 http://id.loc.gov/authorities/subjects/sh85059605 | |
| 650 | 0 | |a Nutrition surveys. |0 http://id.loc.gov/authorities/subjects/sh85093474 | |
| 650 | 7 | |a Health surveys. |2 fast |0 (OCoLC)fst00953352 | |
| 650 | 7 | |a Nutrition surveys. |2 fast |0 (OCoLC)fst01042309 | |
| 710 | 2 | |a National Center for Health Statistics (U.S.) |0 http://id.loc.gov/authorities/names/n79040094 | |
| 830 | 0 | |a Vital and health statistics. |n Series 1, |p Programs and collection procedures ; |v no. 10a-10b. |0 http://id.loc.gov/authorities/names/n42029424 | |
| 830 | 0 | |a DHEW publication ; |v no. (HSM) 73-1310. |0 http://id.loc.gov/authorities/names/n42009070 | |
| 994 | |a E0 |b IND | ||
| 902 | |a MARS | ||
| 999 | f | f | |i a4e6b3af-2f38-5747-a208-2813f72eb70a |s c4247795-44cb-41e9-8628-c62f90f76308 |t 0 |
| 952 | f | f | |p Circulating |a University of Notre Dame |b University of Notre Dame |c Annex |s Annex |d Annex |t 0 |e RA 407.3 .A32 Ser.1 no.10 |h Library of Congress classification |i Book |k a |m 00000017501289 |
| 952 | f | f | |p Circulating |a University of Notre Dame |b University of Notre Dame |c Annex |s Annex |d Annex |t 0 |e RA 407.3 .A32 Ser.1 no.10 |h Library of Congress classification |i Book |k b |m 00000017501297 |